| 000 | 01623cam a22004094i 4500 | ||
|---|---|---|---|
| 003 | PE-LiUPU | ||
| 005 | 20250731175630.0 | ||
| 008 | 150623s r 000 0 d | ||
| 020 | _a0520239490 | ||
| 035 | _a(Sirsi) i9780520239494 | ||
| 040 |
_aPE-LiUPU _bspa _cPE-LiUPU _erda |
||
| 049 | _aPRUA | ||
| 082 | 0 | 4 |
_a493.119 _bC72 _221 |
| 100 | 1 |
_aCollier, Mark, _eautor. |
|
| 245 | 1 | 0 |
_aEgyptian hieroplyphs : _ba step-by-step guide to teach yourself / _cMark Collier. |
| 264 | 1 |
_aBerkeley, Los Angeles : _bUniversity of California Press, _c1998. |
|
| 300 |
_a179 páginas ; _c24 centímetros |
||
| 336 |
_atext _2rdacontent |
||
| 337 |
_aunmediated _2rdamedia |
||
| 338 |
_avolume _2rdacarrier |
||
| 505 | 0 | _a: Hieroglyphs. More use of hieroglyphs. Special writings. Scenes and captions. Description. Further aspects of description. Characterisation. The future. Hieroplyphic sign-listes for the exercise. Reference tables. | |
| 526 | _aP145 | ||
| 526 | _aP127 | ||
| 526 | _aP97 | ||
| 526 | _aP35 | ||
| 526 | _aP14 | ||
| 526 | _aP07 | ||
| 650 | 0 | 4 |
_aEgipcio _xEscritura _vGuía. |
| 650 | 0 | 4 |
_aEgipcio _xTexto para extranjeros. |
| 650 | 0 | 4 | _aJeroglíficos. |
| 942 |
_2ddc _cBOOK |
||
| 949 |
_a493.119 C72 _wDEWEY _c1 _i53525 _lCCODEBUL1 _mBUL _p25.00 _r0 _sY _tBOOK _u2015-6-24 _xTEOLOGIA _PP35 _0COMPRA _o.STAFF. Colección General |
||
| 994 |
_aC0 _bPEPRU |
||
| 596 | _a1 | ||
| 999 |
_a493.119 C72 _wDEWEY _c35536 _i53525 _f2021-11-11 _g5 _lCCODEBUL1 _mBUL _p25.00 _r0 _sY _tBOOK _u2015-6-24 _xTEOLOGIA _PP35 _0COMPRA _o.STAFF. Colección General _d35536 |
||
| 980 |
_81 _gALBERTO SANCHEZ Responsable de Automatización |
||